| 000 | 00927nam a2200265Ia 4500 | ||
|---|---|---|---|
| 003 | GCL | ||
| 008 | 140319s9999 xx 000 0 ara d | ||
| 040 |
_aGCL / _cGCL |
||
| 082 | 0 | 4 |
_a610 _bج ر |
| 100 | 1 | _aجورج شحاتة قنواتى | |
| 245 | 1 | 0 |
_aرسائل ابن رشد الطبية / _cجورج شحاتة قنواتى |
| 700 | 1 | _aسعيد زايد (محقق) | |
| 700 | 1 | _aابراهيم مدكور | |
| 260 |
_a[S.N] : _bالهيئة المصرية العامة للكتاب ، _c1987 |
||
| 300 | _a438 ص | ||
| 490 |
_aمركز تحقيق التراث _v0 |
||
| 650 | 0 | 4 | _aالطب |
| 650 | 0 | 4 | _aالحضارة العربية الاسلامية - المعارف البحرية |
| 650 | 0 | 4 | _aالتراث |
| 650 | 0 | 4 | _aالتراث العربى |
| 650 | 0 | 4 | _aالعلوم عند العرب |
| 650 | 0 | 4 | _aالحضارة الاسلامية |
| 650 | 0 | 4 | _aالعلماء العرب |
| 942 |
_2ddc _cBK |
||
| 999 |
_c29859 _d29859 |
||